000 00632nam a2200181Ia 4500
008 151018s9999 xx 000 0 und d
082 _bRBASDV57630
_a891.463
100 _aगुरुनाथ - नाईक
245 _aखतरनाक थ्री स्टार
250 _b1
260 _bरश्मी प्रकाशन पुणे
_c2012
300 _a176
600 _aगुरुनाथ - नाईक
630 _aखतरनाक थ्री स्टार
700 _aगुरुनाथ - नाईक
730 _aखतरनाक थ्री स्टार
942 _cBOOK
999 _c1052902
_d1052899